| 000 | 00606nam a2200217Ia 4500 | ||
|---|---|---|---|
| 003 | OSt | ||
| 005 | 20220928144455.0 | ||
| 006 | a|||||r|||| 00| 0 | ||
| 007 | ta | ||
| 008 | 220927b |||||||| |||| 00| 0 eng d | ||
| 024 | _a71028 | ||
| 037 | _cTextual | ||
| 040 |
_aSDCL _cSDCL _beng |
||
| 041 |
_2eng _aeng |
||
| 082 | _aV53y7L69, L2 | ||
| 100 |
_aAbbott Joseph S C _9507786 |
||
| 245 | 0 | _aLife of Napoleon Bonaparte, a sketch of the life of the late emperor Napleon the third. | |
| 260 | _c1972 | ||
| 942 |
_hV53y7L69, L2 _cTEXL _2CC |
||
| 999 |
_c827310 _d827310 |
||